| 000 | 01533nac a22003371u 4500 | ||
|---|---|---|---|
| 010 | _a 2006100594 | ||
| 020 | _a9780691131245 (hardcover : alk. paper) | ||
| 020 | _a0691131244 (hardcover : alk. paper) | ||
| 035 | _a(OCoLC)ocm76939969 | ||
| 082 | 0 | 0 |
_a324.25692082 _bNOR |
| 090 |
_c8776 _d8776 |
||
| 100 | _aNorton, Augustus R. | ||
| 245 | 1 | 0 |
_aHezbollah : _ba short history / _cAugustus Richard Norton. |
| 260 |
_aPrinceton : _bPrinceton University Press,2007 _cc2007. |
||
| 300 |
_avi, 187 p. : _bill., maps ; _c23 cm. |
||
| 440 | 0 | _aPrinceton studies in Muslim politics | |
| 500 | _adistributer: Baccah | ||
| 504 | _aIncludes bibliographical references (p. [169]-171) and index. | ||
| 511 | _acatalogued by: wessam | ||
| 610 | 2 | 0 | _aHizballah (Lebanon) |
| 650 | 0 |
_aShiites _zLebanon _xPolitics and government. |
|
| 650 | 0 |
_aIslam and politics _zLebanon. |
|
| 650 | 0 |
_aGeopolitics _zMiddle East. |
|
| 651 | 0 |
_aLebanon _xPolitics and government _y1975-1990. |
|
| 651 | 0 |
_aLebanon _xPolitics and government _y1990- |
|
| 856 | 4 | 2 |
_3Publisher description _uhttp://www.loc.gov/catdir/enhancements/fy0704/2006100594-d.html |
| 856 | 4 | 2 |
_3Table of contents only _uhttp://www.loc.gov/catdir/enhancements/fy0708/2006100594-t.html |
| 856 | 4 | 2 |
_3Contributor biographical information _uhttp://www.loc.gov/catdir/enhancements/fy0734/2006100594-b.html |
| 942 |
_cNB _k324.25692082NOR |
||
| 999 |
_c8776 _d8776 |
||